000 00472nam a22001937a 4500
003 CEME
005 20210628210210.0
008 210215b xxu||||| |||| 00| 0 eng d
020 _a81-203-0970-7
040 _c.
082 _a511.3 COP
100 _aCopi, Irving.M
_978487
245 _aSymbolic logic
250 _a5TH
260 _aNEW DELHI
_bPRENTICE HALL
_c1999
300 _a398P
650 _aLOGIC AND LANGUAGE LOGIC AND RELATION
_978488
942 _cBK
_2ddc
999 _c583602
_d583602